| 000 | 00660nam a22002297a 4500 | ||
|---|---|---|---|
| 005 | 20170124105934.0 | ||
| 010 | _aA-352678 | ||
| 020 | _c20.50 | ||
| 035 | _aA-352678 | ||
| 037 | _bCen Lib/Ret | ||
| 040 |
_aDPL _bEN |
||
| 082 |
_a230.754 _bSRI |
||
| 100 |
_aSrinivasan, K.R. _99208 |
||
| 245 |
_aTempels of South India / _cby K.R. Srinivasan |
||
| 260 |
_aDelhi _bNational Book Trust _c1985 |
||
| 270 |
_aA-5 Green Park _bNew Delhi _e110016 |
||
| 300 |
_a246p. _c20cm(Hb) |
||
| 500 | _aIncludes index. | ||
| 650 |
_a Hinduism -- South indian temples _991128 |
||
| 650 |
_aTemples in India _991129 |
||
| 942 |
_2ddc _cEN _h230.754 _mSRI |
||
| 999 |
_c124088 _d124088 |
||